Catálogo público

Efecto de la adicción de inulina y fructanos de agave sobre las propiedades reológicas, microestructurales y sensoriales de bebidas lácteas fermentadas reducidas en grasa / (Record no. 177407)

MARC details
000 -CABECERA
campo de control de longitud fija 03841nam a2200493Ia 4500
001 - NÚMERO DE CONTROL
campo de control dia_6193
003 - IDENTIFICADOR DEL NÚMERO DE CONTROL
campo de control CHAP
005 - FECHA Y HORA DE LA ÚLTIMA TRANSACCIÓN
campo de control 20240903110150.0
007 - CAMPO FIJO DE DESCRIPCIÓN FÍSICA--INFORMACIÓN GENERAL
campo de control de longitud fija ta
008 - DATOS DE LONGITUD FIJA--INFORMACIÓN GENERAL
campo de control de longitud fija 220117s2013 mx ado frm 001 0 spa d
010 ## - NÚMERO DE CONTROL DE LA BIBLIOTECA DEL CONGRESO
Número de control de LC 177407
040 ## - FUENTE DE LA CATALOGACIÓN
Centro/agencia transcriptor CHAP
Centro catalogador/agencia de origen mxchpua
Normas de descripción rda
041 0# - CÓDIGO DE LENGUA
Código de lengua del texto/banda sonora o título independiente spa
Código de lengua del sumario o resumen eng
090 ## - LOCALMENTE ASIGNADO TIPO-LC NÚMERO DE CLASIFICACIÓN (OCLC); NÚMERO DE CLASIFICACIÓN LOCAL (RLIN)
Número de clasificación (OCLC) (R) ; Numero de clasificación, CALL (RLIN) (NR) Tesis
Número cutter local (OCLC) ; Número de libro/Signatura topográfica íntegra, CALL (RLIN) C75
año 2013
100 1# - ENTRADA PRINCIPAL--NOMBRE DE PERSONA
Nombre de persona Crispin Isidro, Guadalupe
240 10 - TÍTULO UNIFORME
Título uniforme Effect of inulin and agave fructans addition on the rheological, microstructural and sensory properties of reduced fat fermented lactic beverages.
Lenguaje de la obra Español
245 10 - MENCIÓN DE TÍTULO
Título Efecto de la adicción de inulina y fructanos de agave sobre las propiedades reológicas, microestructurales y sensoriales de bebidas lácteas fermentadas reducidas en grasa /
Mención de responsabilidad, etc. Guadalupe Crispin Isidro
264 ## - PRODUCCIÓN, PUBLICACIÓN, DISTRIBUCIÓN, FABRICACIÓN Y COPYRIGHT
Producción, publicación, distribución, fabricación y copyright Chapingo, México :
Nombre del de productor, editor, distribuidor, fabricante El autor,
Fecha de producción, publicación, distribución, fabricación o copyright 2013
300 ## - DESCRIPCIÓN FÍSICA
Extensión xi, 62 hojas :
Otras características físicas ilustraciones, gráficas, tablas, fotos +
Material acompañante/anejo 1 CD-ROM
336 ## - TIPO DE CONTENIDO
Fuente rdacontent
Término de tipo de contenido texto
Código de tipo de contenido txt
337 ## - TIPO DE MEDIO
Fuente rdamedia
Nombre/término del tipo de medio no mediado
Código del tipo de medio n
338 ## - TIPO DE SOPORTE
Fuente rdacarrier
Nombre/término del tipo de soporte volumen
Código del tipo de soporte nc
500 ## - NOTA GENERAL
Nota general El CD contiene reporte y artículo
502 ## - NOTA DE TESIS
Nota de tesis Tesis
Tipo de título (Maestro en Ciencias en Ciencia y Tecnología Agroalimentaria) --
Nombre de la institución que otorga el título UACh. Departamento de Ingeniería Agroindustrial,
Año de obtención del título 2013
504 ## - NOTA DE BIBLIOGRAFÍA, ETC.
Nota de bibliografía, etc. Bibliografia: hojas 52-62
520 3# - SUMARIO, ETC.
Sumario, etc. El objetivo de este trabajo fue determinar la composición, reología, microestructura y aceptabilidad sensorial de seis bebidas lácteas fermentadas (BLFRG + ICM2, BLFRG + ICM4, BLFRG + ICM6, BLFRG + FA2, BLFRG + FA4 y BLFRG + FA6), adicionadas con diferentes concentraciones (2, 4 y 6 g 100 g-1) de inulina de cadena media (ICM) o fructanos de agave (FA) en comparación con bebidas completa (BLFCG) y reducida (BLFRG) en grasa láctea. Micrografías electrónicas de barrido mostraron que la matriz proteínica de BLFRG fue más abierta que aquella de BLFCG. Micelas de caseína estuvieron unidas partícula a partícula en grandes agregados en las BLFRG+FA; mientras que micropartículas de ICM formaron parte de la matriz proteínica de las BLFRG+ICM. BLFRG + ICM4, BLFRG + FA6, BLFRG + ICM2 y BLFRG + ICM6 mostraron comportamiento reológico cercano a aquel de la BLFCG, pero calificaciones más altas de aceptabilidad global. --
520 3# - SUMARIO, ETC.
Sumario, etc. The aim of this work was to determine the composition, rheology, microstructure, and sensory acceptability of six reduced fat fermented lactic beverages (BLFRG + ICM2, BLFRG + ICM4, BLFRG + ICM6, BLFRG + FA2 ,BLFRG + FA4, and BLFRG + FA6) added with different concentrations (2, 4, and 6 g 100 g-1) of medium chain inulin (ICM) or agave fructans (FA) in comparison with a full (BLFCG) and reduced (BLFRG) milk fat beverages. Scanning electron micrographs showed that the protein matrix of the BLFRG was more opened than that of the BLFCG. Casein micelles were linked by particle-to-particle attachment in large aggregates in the BLFRG+FA; whereas microparticulates of ICM formed part of the protein matrix in the BLFRG+ICM. BLFRG + ICM4, BLFRG + FA6, BLFRG + ICM2, and BLFRG + ICM6 displayed rheological behavior close to that of the BLFCG, but higher overall acceptability scores.
650 13 - PUNTO DE ACCESO ADICIONAL DE MATERIA--TÉRMINO DE MATERIA
Término de materia o nombre geográfico como elemento de entrada Agave
Fuente del encabezamiento o término atg
650 13 - PUNTO DE ACCESO ADICIONAL DE MATERIA--TÉRMINO DE MATERIA
Término de materia o nombre geográfico como elemento de entrada Fructanos
Fuente del encabezamiento o término atg
650 13 - PUNTO DE ACCESO ADICIONAL DE MATERIA--TÉRMINO DE MATERIA
Término de materia o nombre geográfico como elemento de entrada Inulina
Fuente del encabezamiento o término atg
650 13 - PUNTO DE ACCESO ADICIONAL DE MATERIA--TÉRMINO DE MATERIA
Término de materia o nombre geográfico como elemento de entrada Productos lácteos bajos en grasa
Subdivisión general Propiedades sensoriales
Fuente del encabezamiento o término atg
650 13 - PUNTO DE ACCESO ADICIONAL DE MATERIA--TÉRMINO DE MATERIA
Término de materia o nombre geográfico como elemento de entrada Fructans
Fuente del encabezamiento o término atg
650 13 - PUNTO DE ACCESO ADICIONAL DE MATERIA--TÉRMINO DE MATERIA
Término de materia o nombre geográfico como elemento de entrada Inulin
Fuente del encabezamiento o término atg
650 13 - PUNTO DE ACCESO ADICIONAL DE MATERIA--TÉRMINO DE MATERIA
Término de materia o nombre geográfico como elemento de entrada Low fat dairy products
Subdivisión general Sensory properties
Fuente del encabezamiento o término atg
700 1# - PUNTO DE ACCESO ADICIONAL--NOMBRE DE PERSONA
Nombre de persona Lobato Calleros, Consuelo Silvia Olivia
Término indicativo de función/relación directora
700 1# - PUNTO DE ACCESO ADICIONAL--NOMBRE DE PERSONA
Nombre de persona Leyva Ruelas, Gabriel
Término indicativo de función/relación asesor
700 1# - PUNTO DE ACCESO ADICIONAL--NOMBRE DE PERSONA
Nombre de persona Vernon Carter, Eduardo Jaime
Término indicativo de función/relación asesor
856 41 - LOCALIZACIÓN Y ACCESO ELECTRÓNICOS
Identificador Uniforme del Recurso <a href="http://10.13.5.2/tesis/sist109330.pdf">http://10.13.5.2/tesis/sist109330.pdf</a>
Texto de enlace DESCARGAR PDF
901 ## - ELEMENTOS DE DATOS A LOCAL LDA (RLIN)
a TESIS C75 2013
942 ## - ELEMENTOS DE PUNTO DE ACCESO ADICIONAL (KOHA)
Tipo de ítem Koha TESIS
Fuente del sistema de clasificación o colocación Clasificación Universidad Autónoma Chapingo
902 ## - ELEMENTOS DE DATOS B LOCAL, LDB (RLIN)
a M
905 ## - ELEMENTOS DE DATOS E LOCAL, LDE (RLIN)
a 5232272013 mx dml 8223123322spa16
Holdings
Estado de retiro Estado de pérdida Fuente del sistema de clasificación o colocación Estado dañado Restricciones de uso No para préstamo Código de colección Localización permanente Ubicación/localización actual Fecha de adquisición Fuente de adquisición Total de préstamos Signatura topográfica completa Código de barras Fecha visto por última vez Número de copia Precio válido a partir de Tipo de ítem Koha Fecha del último préstamo Ubicación en estantería
    Clasificación Universidad Autónoma de Chapingo   Préstamo interno   Tesis Ingenieria Agroindustrial Ingenieria Agroindustrial 18/01/2022 El autor   Tesis C75 2013 1101010060 18/01/2022 Ej. 1 18/01/2022 CD    
    Clasificación Universidad Autónoma de Chapingo   Préstamo 5 días   Tesis Ingenieria Agroindustrial Ingenieria Agroindustrial 18/01/2022 El autor 1 Tesis C75 2013 1101010061 10/09/2024 Ej. 2 18/01/2022 CD 10/09/2024  
    Clasificación Universidad Autónoma de Chapingo       Tesis digitales de Maestría Ingenieria Agroindustrial Ingenieria Agroindustrial 03/09/2024 El autor     1201010060 03/09/2024   03/09/2024 Tesis digital   En línea